[Event "NOR-chT Clubs"]
[Site "Drammen"]
[Date "2010.10.10"]
[Round "5"]
[White "Hansen, Torbjorn Ringdal"]
[Black "Jafarli, Alizamin"]
[Result "1-0"]
[WhiteElo "2413"]
[BlackElo "2259"]
[PlyCount "45"]
[EventDate "2010.10.08"]
[EventType "team"]
[EventRounds "6"]
[EventCountry "NOR"]
[SourceTitle "EXT 2015"]
[Source "ChessBase"]
[SourceDate "2014.11.20"]
[SourceVersion "1"]
[SourceVersionDate "2014.11.20"]
[SourceQuality "1"]
[WhiteTeam "Oslo SK 1911"]
[BlackTeam "OSS II"]
[WhiteTeamCountry "NOR"]
[BlackTeamCountry "NOR"]

1. e4 c5 2. Nf3 Nc6 3. d4 cxd4 4. Nxd4 e6 5. Nc3 Qc7 6. Be3 a6 7. Bd3 Nf6 8. 0-0 Ne5 9. h3 Bc5 10. Kh1 d6 11. f4 Ng6 12. Qe1 0-0 13. f5 Ne5 14. Qh4 b5 15. Rf3 exf5 16. exf5 Nxf3 17. gxf3 Bb7 18. Rg1 Bxf3+ 19. Kh2 d5+ 20. Bf4 Bd6 21. Rxg7+ Kh8 22. Qxf6 Bxf4+ 23. Rg3# 1-0

[Event "Baku op"]
[Site "Baku"]
[Date "2009.09.22"]
[Round "2"]
[White "Jafarli, Alizamin"]
[Black "Savchenko, Boris"]
[Result "0-1"]
[WhiteElo "2258"]
[BlackElo "2638"]
[PlyCount "80"]
[EventDate "2009.09.21"]
[EventType "swiss"]
[EventRounds "9"]
[EventCountry "AZE"]
[SourceTitle "EXT 2019"]
[Source "ChessBase"]
[SourceDate "2018.10.10"]
[SourceVersion "1"]
[SourceVersionDate "2018.10.10"]
[SourceQuality "1"]

1. e4 c5 2. b3 g6 3. Bb2 Nf6 4. e5 Nh5 5. g4 Nf4 6. Ne2 Nxe2 7. Qxe2 Nc6 8. Qe3 Bg7 9. Bg2 d5 10. Qxc5 Nxe5 11. d4 Nxg4 12. Qxd5 Qb6 13. Na3 0-0 14. Nc4 Qc7 15. h3 Nh6 16. Qf3 Nf5 17. 0-0-0 Nh4 18. Qe4 Nxg2 19. Qxg2 Bf5 20. Kb1 Bxc2+ 21. Kxc2 b5 22. Kb1 bxc4 23. Rc1 Rab8 24. Rhd1 Rb4 25. Qd5 Qh2 26. Ba3 Rb6 27. Rxc4 Qxh3 28. Rc7 e6 29. Qc4 Rd8 30. Bc5 Rbb8 31. Bxa7 Ra8 32. b4 Be5 33. Rc5 Qg4 34. Re1 Bxd4 35. Bb6 Qf4 36. Bxd8 Qd2 37. Re2 Qd1+ 38. Qc1 Qxe2 39. Rc2 Qd3 40. Be7 Qb3+ 0-1

[Event "AZE-ch U20"]
[Site "Baku"]
[Date "2009.04.19"]
[Round "6"]
[White "Jafarli, Alizamin"]
[Black "Rahmanov, Shahriyar Teymur Og"]
[Result "1-0"]
[WhiteElo "2231"]
[BlackElo "2209"]
[PlyCount "89"]
[EventDate "2009.04.14"]
[EventType "tourn"]
[EventRounds "9"]
[EventCountry "AZE"]
[EventCategory "3"]
[SourceTitle "CBM 129 Extra"]
[Source "ChessBase"]
[SourceDate "2009.05.05"]
[SourceVersion "2"]
[SourceVersionDate "2009.05.20"]
[SourceQuality "1"]

1. e4 d5 2. exd5 Nf6 3. Bb5+ Nbd7 4. c4 a6 5. Bxd7+ Qxd7 6. d3 b5 7. Nf3 bxc4 8. dxc4 Qg4 9. 0-0 Qxc4 10. Nc3 Bg4 11. h3 Bxf3 12. Qxf3 Rd8 13. Rd1 e5 14. Qg3 Nd7 15. b3 Qb4 16. d6 c6 17. Bd2 Qxd6 18. Bg5 Qg6 19. Qxe5+ Qe6 20. Qc7 f6 21. Bf4 Be7 22. Bd6 0-0 23. Bxe7 Qxe7 24. Qxc6 Ne5 25. Qxa6 Rc8 26. Nd5 Qf7 27. Ne3 Rc6 28. Qa5 Qg6 29. Rac1 Rxc1 30. Qd5+ Kh8 31. Rxc1 h5 32. a4 Nd3 33. Rd1 Nf4 34. Qf5 Qh6 35. a5 g6 36. Qb5 Qg7 37. Rd7 Rf7 38. Rxf7 Qxf7 39. Qb8+ Kg7 40. Qxf4 Qxb3 41. Qc7+ Kh6 42. a6 Qb1+ 43. Nf1 Qd1 44. a7 Qd5 45. Qb8 1-0

[Event "AZE-ch U20"]
[Site "Baku"]
[Date "2009.04.18"]
[Round "5"]
[White "Bajarani, Ulvi"]
[Black "Jafarli, Alizamin"]
[Result "1-0"]
[WhiteElo "2331"]
[BlackElo "2231"]
[PlyCount "89"]
[EventDate "2009.04.14"]
[EventType "tourn"]
[EventRounds "9"]
[EventCountry "AZE"]
[EventCategory "3"]
[SourceTitle "CBM 129 Extra"]
[Source "ChessBase"]
[SourceDate "2009.05.05"]
[SourceVersion "2"]
[SourceVersionDate "2009.05.20"]
[SourceQuality "1"]

1. e4 c5 2. Nf3 e6 3. d4 cxd4 4. Nxd4 Nc6 5. Nc3 Qc7 6. Be2 a6 7. 0-0 Nf6 8. Be3 Bb4 9. Na4 Be7 10. Nxc6 bxc6 11. Bb6 Qf4 12. Bd3 d5 13. g3 Qb8 14. exd5 cxd5 15. Be3 Qd6 16. Nb6 Rb8 17. c4 0-0 18. c5 Qc6 19. Bf4 Rb7 20. b4 Nd7 21. Nxd7 Bxd7 22. Rb1 Bf6 23. Bd6 Ra8 24. Re1 g6 25. a3 Bg7 26. Re3 f6 27. Bc2 Bf8 28. Bxf8 Rxf8 29. f4 Kg7 30. Qd4 Rc7 31. g4 Qa8 32. f5 Re8 33. fxg6 e5 34. Qd3 h6 35. Rh3 Bxg4 36. Rh4 h5 37. h3 e4 38. Qg3 Re5 39. hxg4 Qc8 40. Rxh5 Rxh5 41. gxh5 Re7 42. Rf1 Re5 43. h6+ Kxh6 44. g7 Rg5 45. Rxf6+ 1-0

[Event "AZE-ch U20"]
[Site "Baku"]
[Date "2009.04.14"]
[Round "1"]
[White "Aghayev, Nijat"]
[Black "Jafarli, Alizamin"]
[Result "0-1"]
[WhiteElo "2286"]
[BlackElo "2231"]
[PlyCount "80"]
[EventDate "2009.04.14"]
[EventType "tourn"]
[EventRounds "9"]
[EventCountry "AZE"]
[EventCategory "3"]
[SourceTitle "CBM 129 Extra"]
[Source "ChessBase"]
[SourceDate "2009.05.05"]
[SourceVersion "2"]
[SourceVersionDate "2009.05.20"]
[SourceQuality "1"]

1. d4 Nf6 2. c4 g6 3. Nc3 Bg7 4. e4 d6 5. f4 0-0 6. Nf3 c5 7. d5 e6 8. Be2 exd5 9. cxd5 Re8 10. e5 dxe5 11. fxe5 Ng4 12. Bg5 f6 13. exf6 Bxf6 14. Bxf6 Qxf6 15. 0-0 Ne3 16. Qa4 Bd7 17. Bb5 Nxf1 18. Rxf1 Bxb5 19. Qxb5 Na6 20. Qxb7 Rab8 21. Qd7 Re7 22. Qg4 Rxb2 23. Qc8+ Kg7 24. Ne5 Rb8 25. Rxf6 Rxc8 26. Rxa6 Rxe5 27. Rxa7+ Kh6 28. d6 Rd8 29. Nb5 c4 30. a4 Rc5 31. Rc7 Rc8 32. Kf2 R8xc7 33. Nxc7 c3 34. d7 c2 35. d8Q Rf5+ 36. Kg3 c1Q 37. h4 Qf4+ 38. Kh3 Re5 39. Nd5 Qf5+ 40. g4 Qf3+ 0-1

[Event "EU-ch U18 17th"]
[Site "Sibenik"]
[Date "2007.09.23"]
[Round "9"]
[White "Jafarli, Alizamin"]
[Black "Caspi, Israel"]
[Result "1-0"]
[WhiteElo "2174"]
[BlackElo "2318"]
[PlyCount "87"]
[EventDate "2007.09.14"]
[EventType "swiss"]
[EventRounds "9"]
[EventCountry "CRO"]
[SourceTitle "CBM 120 Extra"]
[Source "ChessBase"]
[SourceDate "2007.11.01"]
[SourceVersion "1"]
[SourceVersionDate "2007.11.01"]
[SourceQuality "1"]

1. e4 d5 2. exd5 Qxd5 3. Nc3 Qd6 4. d4 Nf6 5. Nf3 c6 6. Bc4 Bg4 7. Be3 Nbd7 8. h3 Bh5 9. Bb3 e6 10. Qe2 Qc7 11. 0-0-0 0-0-0 12. g4 Bg6 13. Bg5 Bd6 14. Kb1 Bf4 15. Bh4 h5 16. Rde1 hxg4 17. hxg4 Rde8 18. Bxf6 Rxh1 19. Rxh1 Nxf6 20. Ne5 Bh7 21. a3 Kb8 22. Ka2 Rd8 23. Nf3 Bg6 24. Nh4 Rh8 25. Qf3 Bh7 26. Ng2 Bg5 27. Rh3 Rd8 28. Ne2 Bg6 29. c3 Ne4 30. Ngf4 Nd2 31. Qg3 Bb1+ 32. Ka1 Be4 33. Ba2 e5 34. Nd3 f6 35. Nc5 Qb6 36. f4 exf4 37. Nxf4 Ka8 38. Nfe6 a5 39. Nxd8 Qxd8 40. Ne6 Qe7 41. Rh8+ Ka7 42. Qb8+ Kb6 43. Re8 Qf7 44. Qd8+ 1-0

[Event "EU-ch U18 17th"]
[Site "Sibenik"]
[Date "2007.09.16"]
[Round "3"]
[White "Jafarli, Alizamin"]
[Black "Bitalzadeh, Ali"]
[Result "1-0"]
[WhiteElo "2174"]
[BlackElo "2390"]
[PlyCount "49"]
[EventDate "2007.09.14"]
[EventType "swiss"]
[EventRounds "9"]
[EventCountry "CRO"]
[SourceTitle "CBM 120 Extra"]
[Source "ChessBase"]
[SourceDate "2007.11.01"]
[SourceVersion "1"]
[SourceVersionDate "2007.11.01"]
[SourceQuality "1"]

1. e4 c5 2. Nc3 Nc6 3. f4 e6 4. Nf3 d5 5. exd5 exd5 6. Bb5 Nge7 7. Qe2 g6 8. Qe5 Rg8 9. 0-0 Bg7 10. Qe2 Kf8 11. Bxc6 bxc6 12. Qf2 Qa5 13. d3 Ba6 14. Bd2 c4 15. Ne4 Qc7 16. Nc5 Bc8 17. f5 Rh8 18. Rae1 a5 19. g4 h6 20. f6 Bxf6 21. Ne5 Ng8 22. Bf4 Kg7 23. Ned7 Qxd7 24. Nxd7 Bxd7 25. Be5 1-0

[Event "Baku President's Cup 2nd"]
[Site "Baku"]
[Date "2007.05.11"]
[Round "9"]
[White "Jafarli, Alizamin"]
[Black "Velikhanli, Firuza"]
[Result "0-1"]
[WhiteElo "2164"]
[BlackElo "2310"]
[PlyCount "81"]
[EventDate "2007.05.03"]
[EventType "swiss"]
[EventRounds "9"]
[EventCountry "AZE"]
[SourceTitle "CBM 118 Extra"]
[Source "ChessBase"]
[SourceDate "2007.07.04"]
[SourceVersion "1"]
[SourceVersionDate "2007.07.04"]
[SourceQuality "1"]

1. e4 d6 2. d4 Nf6 3. Nc3 g6 4. Be3 c6 5. Qd2 b5 6. f3 Qc7 7. h4 Bg7 8. 0-0-0 b4 9. Nce2 a5 10. g4 h5 11. Ng3 hxg4 12. f4 Nh5 13. N1e2 Nd7 14. f5 Nb6 15. b3 Nxg3 16. Nxg3 gxf5 17. h5 fxe4 18. h6 Bf8 19. Nxe4 Nd5 20. Bd3 f5 21. Ng3 e6 22. Bg5 Qf7 23. Rde1 Be7 24. Bxe7 Nxe7 25. Qf4 0-0 26. Qxd6 Kh7 27. Nh5 Ra7 28. Ng7 Rd7 29. Qf4 Ng6 30. Qe3 Rd6 31. Bc4 Qf6 32. Bxe6 f4 33. Qe2 f3 34. Qh2 Rxe6 35. Nxe6 Bxe6 36. Kb1 Bd5 37. Rhf1 Qf4 38. Qxf4 Rxf4 39. Re8 f2 40. Rc8 g3 41. Rc7+ 0-1

[Event "World School-ch U16"]
[Site "Chalkidiki"]
[Date "2005.04.24"]
[Round "4"]
[White "Kiratzopoulos, Efthimios"]
[Black "Jafarli, Alizamin"]
[Result "0-1"]
[WhiteElo "2085"]
[BlackElo "2164"]
[PlyCount "82"]
[EventDate "2005.04.22"]
[EventType "swiss"]
[EventRounds "9"]
[EventCountry "GRE"]
[SourceTitle "EXT 2008"]
[Source "ChessBase"]
[SourceDate "2007.11.25"]
[SourceVersion "1"]
[SourceVersionDate "2007.11.25"]
[SourceQuality "1"]

1. Nf3 g6 2. c4 Bg7 3. g3 d6 4. Bg2 e5 5. d3 Ne7 6. 0-0 0-0 7. Nc3 Nbc6 8. Rb1 f5 9. Ne1 Be6 10. Bd2 Qd7 11. b4 f4 12. b5 Nd8 13. Nc2 Bh3 14. Nb4 Bxg2 15. Kxg2 g5 16. f3 Nf5 17. g4 Nd4 18. Rh1 h5 19. h3 N8e6 20. Ne4 c6 21. Bc3 d5 22. bxc6 bxc6 23. Nd2 Rfb8 24. Re1 Nc5 25. Bxd4 exd4 26. Qc2 hxg4 27. hxg4 Qd6 28. cxd5 cxd5 29. Rec1 Bf8 30. Qd1 a5 31. Nc2 Rxb1 32. Rxb1 Na4 33. Qh1 Qe5 34. Re1 Rc8 35. Na1 Bb4 36. Qh6 Bxd2 37. Qg6+ Kf8 38. Qh6+ Ke7 39. Rb1 Qxe2+ 40. Kh1 Qxf3+ 41. Kh2 Qf2+ 0-1

[Event "World School-ch U16"]
[Site "Chalkidiki"]
[Date "2005.04.23"]
[Round "2"]
[White "Ntiloudi, Despina"]
[Black "Jafarli, Alizamin"]
[Result "0-1"]
[WhiteElo "1876"]
[BlackElo "2164"]
[PlyCount "54"]
[EventDate "2005.04.22"]
[EventType "swiss"]
[EventRounds "9"]
[EventCountry "GRE"]
[SourceTitle "EXT 2008"]
[Source "ChessBase"]
[SourceDate "2007.11.25"]
[SourceVersion "1"]
[SourceVersionDate "2007.11.25"]
[SourceQuality "1"]

1. d4 Nf6 2. c4 g6 3. Nc3 Bg7 4. e4 d6 5. f4 0-0 6. Nf3 c5 7. d5 e6 8. Be2 exd5 9. cxd5 Bg4 10. 0-0 Nbd7 11. Re1 Re8 12. h3 Bxf3 13. Bxf3 Qa5 14. Be3 b5 15. a3 Rac8 16. Bf2 c4 17. a4 Nc5 18. axb5 Qb4 19. Bxc5 Qxc5+ 20. Kh1 Nd7 21. Qa4 Qf2 22. Qxa7 Nc5 23. Re2 Qg3 24. Qb6 Qxf4 25. Rc2 Be5 26. Kg1 Bd4+ 27. Kh1 Nxe4 0-1